00604 2200229 4500001001900000005001900019008004100038035002200079020001800101040001200119041000800131082001100139090001700150100001200167245006100179260002700240300003000267500003000297650001900327852001100346990001700357BDGKW100720150005120150710131641.301210907||||||||| | ||| |||| ||ind|| a0010-100715005160 a979-763-174-5 aJBPDBAN0 aInd00a659.14 a659.14 SUY s0 aSUYANTO00aStrategi Perancangan Iklan Outdoor Kelas Dunia/M.Suyanto aYogyakartabANDIc2006 axii + 188 hlm.;c16x23 cm aBibliografi hlm.; 183-187 0aiklan Televisi aRemaja a14/06539/wkf